A casa da carochinha (Registo nº 2227)
[ vista simples ]
| 000 -Etiqueta do registo | |
|---|---|
| Cabeçalho | 00597nam a22002171 4500 |
| 005 - Identificador da versão | |
| Campo de controlo | 20240813121928.0 |
| 100 ## - Dados gerais de processamento | |
| Dados gerais de processamento | 19981001d1981 cd y0pory5003 ba |
| 102 ## - Pais de publicação ou produção | |
| País de publicação | Portugal |
| 101 0# - Língua de publicação | |
| Língua do texto, banda sonora, etc. | Português |
| 215 ## - Descrição física | |
| Indicação específica da natureza do documento e extensão da espécie | 26 p. |
| Outras indicações físicas | il. |
| Dimensões | 30 cm |
| 200 1# - Titulo e menção de responsabilidade | |
| Título próprio | A casa da carochinha |
| Primeira menção de responsabilidade | Rui Palma Carlos |
| 225 2# - Colecção | |
| Título próprio da colecção | Histórias da carochinha |
| Indicação de volume | 1 |
| 210 ## - Publicação, Distribuição, etc. | |
| Lugar da edição, distribuição, etc. | Lisboa |
| Nome do editor, distribuidor, etc. | Plátano |
| Data da publicação, distribuição, etc. | 1981 |
| 606 ## - Nome comum usado como assunto | |
| Número de registo de entrada de autoridade | 0000029 |
| Palavra de ordem | Literatura portuguesa infantil |
| Subdivisão de assunto | Conto |
| 675 ## - Classificação Decimal Universal (CDU) | |
| Notação | 821.134.3-34 |
| Edição | 2ª |
| Língua da edição | por |
| 700 #1 - Nome de autor-pessoa física (responsabilidade principal) | |
| Número de registo de entrada de autoridade | 0001046 |
| Palavra de ordem | Carlos |
| Outra parte do nome não tomada para palavra de ordem | Rui Palma |
| 942 ## - Elementos de entrada adicionados (Koha) | |
| Tipo de item no Koha | Livro |
| Situação do levantamento | Origin of item (home branch) (coded) | Biblioteca de empréstimo | Código de barras | Cota | Circulation type (not for loan) | Tipo de documento | Nota do exemplar | Damaged status |
|---|---|---|---|---|---|---|---|---|
| Biblioteca Escolar da Coca Maravilhas | Biblioteca Escolar da Coca Maravilhas | BECM3663/98 | 8POR CAR | Livro | Sem mensagem |
